[Event "Dresden zt 1.2"]
[Site "Dresden"]
[Date "1998.05.02"]
[Round "5"]
[White "Dautov, Rustem"]
[Black "Sokolov, Ivan"]
[Result "1/2-1/2"]
[WhiteElo "2600"]
[BlackElo "2625"]
[Annotator "Dautov,R"]
[PlyCount "81"]
[EventDate "1998.04.28"]
[EventType "swiss"]
[EventRounds "11"]
[EventCountry "GER"]
[SourceTitle "CBM 065"]
[Source "ChessBase"]
[SourceDate "1998.08.06"]
[SourceVersion "1"]
[SourceVersionDate "1998.08.06"]
[SourceQuality "1"]

1. d4 {Lutz} Nf6 2. Nf3 d5 3. c4 e6 4. Nc3 c6 5. Bg5 h6 6. Bxf6 Qxf6 7. e3 Nd7
8. Bd3 dxc4 9. Bxc4 g6 10. O-O Bg7 11. Rc1 O-O 12. e4 e5 {Lutz: Führt zu einer
leicht schlechteren Struktur. Besser gefällt mir der Igel-artige Aufbaue mit ..
.b7-b6.} (12... Rd8 $5 {Lutz} 13. Qe2 Qe7 14. e5 b6 15. Rfe1 a6 16. Bd3 Bb7 17.
Be4 b5 18. Nb1 Rdc8 19. Nbd2 a5 20. Nb3 a4 21. Nc5 Nxc5 22. Rxc5 Bf8 23. Rec1
Qd7 24. R5c2 b4 25. Qe3 Ra5 26. h4 c5 27. Bxb7 Qxb7 28. dxc5 Qd5 29. c6 Qxa2
30. Rd2 Rd5 31. c7 a3 32. bxa3 Rxd2 33. Nxd2 bxa3 34. Ne4 Qb2 35. Nd6 Rxc7 36.
Rxc7 a2 37. Ra7 a1=Q+ 38. Rxa1 Qxa1+ 39. Kh2 Bg7 40. Nc4 Qd1 41. g3 {1/2-1/2
Vaganian,R-Akopian,V/FIDE-Wch k.o. 1997/CBM 63}) 13. d5 Nb6 14. dxc6 bxc6 (
14... Nxc4 $2 {Lutz} 15. Nd5 Qd6 16. Rxc4 bxc6 17. Rxc6 $18) 15. Be2 {Lutz:
Weiß erfreut sich angesichts seiner besseren Bauernstruktur eines leichten
Vorteils. Das ist nicht viel, aber gewöhnlich hat Weiß in der Moskauer
Variante noch weniger.} Rd8 (15... Bg4 $6 16. Nd2 Be6 17. Bg4 Rfd8 18. Bxe6
Qxe6 19. Qc2 $14 {Novikov,I-Gausel,E/World Cities rapid 1997}) 16. Qc2 Bg4 17.
Na4 $5 $146 {Lutz: Der Nc3 steht schlecht und soll auf bessere Felder geführt
werden. Es wurden auch schon andere Springerzüge versucht.} (17. Nd1 Rd6 18.
Ne3 Bxf3 19. Bxf3 h5 20. a4 Bh6 21. a5 Nd7 22. Rfd1 Bxe3 23. fxe3 Rc8 $13 {
Vaganian-Akopian/Ch World FIDE (play-off) 1997} (23... Rc8 {Lutz} 24. Be2 Rxd1+
25. Rxd1 Qe7 26. b4 Nf6 27. b5 Qa3 28. Kf2 Qxa5 29. bxc6 Qc3 30. Qxc3 Nxe4+ 31.
Kf3 Nxc3 {Vaganian,R-Akopian,V/FIDE-Wch k.o. 1997/CBM 63/1/2-1/2 (48)})) (17.
Nb1 Bxf3 18. Bxf3 Rd6 19. Nd2 h5 20. Nb3 a5 21. Rfd1 Rxd1+ 22. Rxd1 Qe6 23. a3
Qc4 24. Rc1 Qxc2 25. Rxc2 Na4 $11 {van der Sterren,P-Kamsky,G/Wijk aan Zee (m/
7) 1994} (25... Na4 {Lutz} 26. Nc1 Rb8 27. b3 Bh6 28. Bd1 Nb2 29. Rxb2 Bxc1 30.
Ra2 Rd8 31. Be2 Rd2 32. Rxd2 Bxd2 33. Bc4 {1/2-1/2 Van der Sterren,P-Kamsky,G/
Wijk cm3 1994/CBM 39/[Chekhov]})) 17... h5 (17... Bxf3 18. Bxf3 Rd4 (18... Nxa4
19. Qxa4 $14) 19. Nc5 Rad8 20. Nb3 R4d6 21. Rfd1 $14) 18. Nc5 Bh6 19. Rcd1 Bf8
(19... h4 20. h3 Bxf3 21. Bxf3 Rxd1 22. Rxd1 Rd8 23. b4 $14) 20. Nb7 $1 Rxd1
21. Rxd1 Rc8 {/\c5-c4} 22. Na5 Bb4 (22... c5 23. b3 $14) 23. Nb3 (23. Nc4 $6
Bxf3 24. Bxf3 Bc5 25. Na5 Bd4) 23... Bf8 (23... c5 $2 24. a3 c4 25. axb4 cxb3
26. Qxb3 $16) (23... Bxf3 24. Bxf3 Bf8 $14) 24. Nbd2 (24. h3 {Lutz} Bxf3 25.
Bxf3 c5 {nebst ...c5-c4.}) 24... Rd8 25. h3 Bxf3 26. Nxf3 Rxd1+ 27. Bxd1 Qd6
28. Be2 (28. Qc1 $5 {/\Bb3} Kg7 (28... a5 29. a3 a4 30. b3 $1 Bh6 31. Qa1 axb3
32. Bxb3 Nd7 33. a4 $14) 29. Bb3 f6 30. Qc3 Qc5 31. Qd2 a5 $11) (28. Qe2 $5 {
Lutz: mit der Idee Bb3 kam in Betracht.} a5 $5 29. Qc2 {und Weiß hat die
Schwächung ...a7-a5 provoziert.}) 28... Be7 (28... a5 $2 29. Qc3) 29. h4 Kg7
30. g3 (30. Qc3 f6 31. Qa5 Qd7 $11) 30... Bf6 (30... f6 $5 $11) 31. Ba6 {
Lutz: Weiß möchte durch Bb7 den Zug ...c6-c5 erzwingen, was einen deutlichen
Fortschritt darstellt.} Nd7 32. Bc4 (32. Bc8 Nc5 33. b4 Nd3 34. a3 {/\Ba6} c5
$8 35. Bb7 cxb4 36. Bd5 Nc5 37. axb4 Ne6 $11) (32. Bb7 {Lutz} Nc5) 32... Bd8
33. Bb3 $2 (33. a3 $1 a5 (33... f6 34. Ba2 {/\Qb3}) (33... Qc5 34. b4) 34. Ba2
Nc5 35. Qc4 Ne6 36. Qb3 $14 {/\Qb7}) 33... Nc5 34. Qc3 (34. Kg2 Bb6 35. Ng5
Nxb3 36. Qxb3 Qd7 $11) 34... f6 (34... Nxe4 $2 {Lutz} 35. Qc4 $16) 35. Qc4 {
Lutz: Nach diesem Zug kommt Weiß sogar noch etwas in Schwierigkeiten.} (35. Bc2
{Lutz} Bb6 36. Qc4 Qe6 $11 {Weiß hat nur den symbolischen Vorteil, den er
schon die ganze Zeit hatte.}) 35... Nxb3 36. Qxb3 Bb6 {/\Qc5 Lutz: Nun sind
die weißen Bauern schwach. Weiß rettet sich aber durch Dauerschach gegen den
schwarzen König.} 37. Qc2 $2 $138 (37. Qc4 Qd1+ 38. Kg2 Qb1 39. Qe6 $11 (39.
Qxc6 {Lutz} Qxb2 40. Qd7+ Kh6 41. Qd2+ $11)) (37. Qc3 $2 {Lutz} Qd1+ 38. Kg2
Qe2 $17) (37. Kg2 $2 {Lutz} Qc5 $17) 37... Qe6 $1 {/\Qa2,/\Qh3} 38. Nd2 (38. b3
$2 {Lutz} Qh3 $17) 38... Qg4 (38... Qxa2 39. Qxc6 Qa1+ (39... Qxb2 40. Qd7+ $11
(40. Qd7+ {Lutz} Kh6 41. Qe8 $11)) 40. Kg2 Qe1 41. Qd7+ Kh6 42. Qe8 Qxf2+ 43.
Kh3 $11) 39. Qd3 $8 (39. Nf1 $2 Qf3 40. b4 a6 41. a4 Bd4 42. a5 Kf8 $22 $19)
39... Qd1+ 40. Kg2 Bd4 (40... Qe1 41. Qd7+ Kh6 42. Qe8 Qxf2+ 43. Kh3 $11) 41.
Qa3 $1 (41. Qa3 Qxd2 42. Qe7+ Kh6 {Lutz} 43. Qf8+ Kh7 44. Qf7+ $11) 1/2-1/2

[Event "Nussloch"]
[Site "Nussloch"]
[Date "1996.??.??"]
[Round "2"]
[White "Piket, Jeroen"]
[Black "Dreev, Alexey"]
[Result "1-0"]
[WhiteElo "2570"]
[BlackElo "2670"]
[Annotator "Dautov,R"]
[PlyCount "83"]
[EventDate "1996.??.??"]
[EventType "tourn"]
[EventRounds "11"]
[EventCountry "GER"]
[EventCategory "15"]
[SourceTitle "CBM 053"]
[Source "ChessBase"]
[SourceDate "1996.08.01"]
[SourceVersion "1"]
[SourceVersionDate "1996.08.01"]
[SourceQuality "1"]

1. d4 {Ftacnik Lutz} d5 2. c4 c6 3. Nf3 Nf6 4. Nc3 e6 5. Bg5 h6 6. Bxf6 Qxf6 7.
e3 Nd7 8. a3 Bd6 $6 (8... g6 9. b4 Bg7 10. cxd5 exd5 11. Bd3 O-O 12. O-O Nb6
13. Qb3 Qd6 {Diese für Schwarz durchaus akzeptable Stellung wollte Alexej
nicht zum zweiten Mal spielen.} 14. Rfc1 Be6 15. Nd2 Rfb8 16. Rab1 a5 17. bxa5
Nd7 18. a4 Rxa5 19. Qc2 $13 {Piket,J-Dreev,A/Wijk (10) 1996}) 9. e4 dxe4 (9...
Qe7 10. e5 $14 Bc7 11. Rc1 Nb6 12. c5 Nd7 13. Bd3 f6 14. Nh4 Nf8 15. f4 fxe5
16. Qh5+ Qf7 17. Qxf7+ Kxf7 18. fxe5 Bd7 19. O-O+ Ke7 20. Ne2 (20. b4 $5 $14)
20... Be8 21. Nf4 g5 22. Nfg6+ Nxg6 23. Nxg6+ Bxg6 24. Bxg6 Rhf8 $10 {Piket,
J-Dreev,A/Monte Carlo m (08) 1996}) 10. Nxe4 Qe7 11. c5 $5 $146 {Lutz: Man
vergleiche die Partie Drazic,S-Blagojevic,D/JUG-ch Podgarica/CBM 53 1996} (11.
Nxd6+ Qxd6 12. c5 Qf4 (12... Qd5 {Ftacnik} 13. Qc2 Nf6 14. Bd3 g5 15. Rd1 Bd7
16. O-O O-O-O 17. Rfe1 Be8 18. Ne5 b5 19. b3 Qxd4 20. Bxb5 cxb5 21. Rxd4 Rxd4
22. Qc3 {1-0 Gulko,B-Antoshin,V/Moscow-ch/1984}) 13. Qd2 (13. Bd3 O-O 14. Qe2
Rd8 15. g3 Qc7 16. O-O b6 17. b4 a5 18. Rfd1 Nf6 19. Qe5 Qb7 20. Bf1 axb4 21.
axb4 Rxa1 22. Rxa1 Nd5 23. Qe1 Bd7 24. Ne5 {1/2-1/2 Chernin,A-Bisguier,A/New
York op Newark (05)/1996 (41)}) 13... Qxd2+ 14. Kxd2 Ke7 15. Bc4 Rd8 16. Kc3
$14 {Eingorn,V-Zhuravliov,V/EU-chT 1992}) (11. Bd3 {Ftacnik} O-O 12. O-O Rd8
13. Qe2 b6 14. Rad1 Bb7 15. Nxd6 Qxd6 16. Ne5 Nf6 17. Rd2 c5 18. dxc5 Qxc5 19.
Rfd1 Qc7 20. Bc2 Rxd2 {1/2-1/2 Schoof,M-Jantzen,H/RLNN 8788/1988}) 11... Bc7
12. Bc4 b6 (12... e5 {Ftacnik} 13. O-O exd4 14. Re1 $14) 13. b4 a5 14. O-O O-O
15. Qe2 Bb7 (15... e5 {Ftacnik} 16. d5 $1 cxd5 17. Bxd5 $14) 16. Rab1 Ra7 (
16... e5 $2 {Ftacnik} 17. Nd6 Bxd6 18. cxd6 Qxd6 19. dxe5 Qe7 20. e6 $18) 17.
Rfe1 $1 {Die Partie ist ein gutes Beispiel an prophylaktischen Zügen , Weiß
kümmert sich die ganze Zeit um das Fortbestehen seines stolzen Bauernkeiles
d4-c5. Dank diesem Keil haben die schwarzen Läufer ein schweres Schicksal.}
axb4 18. axb4 Rfa8 (18... e5 19. Nd6 $1 Bxd6 (19... b5 20. Bb3) 20. cxd6 Qxd6
21. dxe5 Qc7 22. e6 fxe6 23. Qxe6+ Kh8 24. Rbd1 $16) 19. g3 Ra3 (19... Ba6 $5
20. Ra1 Bxc4 21. Rxa7 Rxa7 22. Qxc4 b5 23. Qc3 {/\Ne5+/-} f6 24. Qb3 $14) (
19... b5 20. Bb3 Nf6 $14) 20. Rb3 Ra2 21. Rb2 R2a3 22. Ra2 Rxa2 (22... b5 {
Ftacnik} 23. Rxa3 Rxa3 24. Bd3 Ra4 25. Qd2 $14) 23. Bxa2 Nf6 $2 {Nach diesem
Springerabtausch bekommt der Nf3 einen prächtigen Vorposten auf e5.} (23... Ba6
$142 $14) (23... bxc5 {Ftacnik} 24. dxc5 $14) 24. Nxf6+ Qxf6 (24... gxf6 25.
Bb1 $16 {/\Qe4}) 25. Bc4 Ra3 (25... Ra4 26. Rb1) 26. Ne5 $16 bxc5 27. bxc5 (27.
dxc5 $2 {Ftacnik} Bxe5 28. Qxe5 Qxe5 29. Rxe5 Ra4 $17) 27... Bxe5 {Es ist klar,
daß man einen solchen Springer nicht lange vertragen kann.} (27... Ra8 {Ftacnik
} 28. f4 $14) 28. dxe5 Qe7 29. Rd1 Rc3 (29... Qxc5 $2 30. Rd8+ Kh7 31. Qe4+ (
31. Bd3+ {Ftacnik} g6 32. Rd7 $18) 31... g6 32. Rd7 $18) (29... Ra5 {Ftacnik}
30. Rd6 Rxc5 31. Qd3 $16) 30. Rd6 {Weiß steht nun strategisch auf Gewinn.
Schwarz ist vollkommen passiv und muß zusehen, wie der Gegner seine Stellung
verstärkt.} Bc8 31. Qe4 (31. Rxc6 $2 {Ftacnik} Rc1+ 32. Kg2 Bb7) 31... Bd7 32.
Bd3 g6 33. Qb4 $1 Rc1+ 34. Kg2 Be8 35. Qa3 Rd1 36. Qa8 Kg7 37. Qb8 (37. Bxg6 {
Ftacnik} Rd5 38. Be4 Rxe5 39. Qa4 $16) 37... Rc1 38. Rd8 $18 Kf8 (38... Bd7 $2
{Ftacnik} 39. Rg8+ Kh7 40. Rh8+) 39. Be4 $1 Rxc5 40. Rc8 (40. Qd6 {Ftacnik} Rc4
41. Bxc6 Rxc6 42. Rxe8+ Kxe8 43. Qxc6+ $10) 40... Qd7 41. Qd6+ Qe7 (41... Kg7 {
Ftacnik} 42. Rxe8 Qxe8 43. Qxc5 $18) 42. Bxc6 (42. Bxc6 {Ftacnik} Qxd6 43.
Rxe8+ Kg7 44. exd6 Rxc6 45. d7 $18) 1-0

[Event "Bundesliga 9697"]
[Site "Germany"]
[Date "1997.??.??"]
[Round "?.1"]
[White "Dautov, Rustem"]
[Black "Slobodjan, Roman"]
[Result "0-1"]
[WhiteElo "2590"]
[BlackElo "2520"]
[Annotator "Dautov,R"]
[PlyCount "82"]
[EventDate "1996.10.12"]
[EventType "team-tourn"]
[EventRounds "15"]
[EventCountry "GER"]
[SourceTitle "GER-chT"]
[Source "ChessBase"]
[SourceDate "1999.07.01"]
[SourceVersion "1"]
[SourceVersionDate "1999.07.01"]
[SourceQuality "1"]
[WhiteTeam "St Ingbert"]
[BlackTeam "Magdeburg"]
[WhiteTeamCountry "GER"]
[BlackTeamCountry "GER"]

1. d4 d5 2. c4 c6 3. Nf3 Nf6 4. Nc3 e6 5. Bg5 h6 6. Bxf6 Qxf6 7. e3 Nd7 8. Bd3
dxc4 9. Bxc4 g6 10. O-O Bg7 11. Qc2 O-O 12. a3 Qe7 13. Rfe1 b6 14. e4 Bb7 15.
Rad1 Rfd8 $10 16. Ba2 (16. d5 $5 Nf8 (16... cxd5 $2 17. exd5 $16) 17. dxe6 Nxe6
18. e5 {/\Ne4-d6} c5 (18... Rxd1 19. Rxd1 Rd8 $2 20. Rxd8+ Nxd8 21. Qxg6 $16) (
18... Kh7 19. h4) (18... Kh8 19. Rd6) 19. Nd5 Bxd5 20. Bxd5 Rac8 $10) (16. e5
Rac8 17. Qe2 c5 18. d5 exd5 19. Nxd5 (19. Bxd5 Nf8) 19... Bxd5 20. Rxd5 Nf8 21.
Red1 Rxd5 22. Rxd5 Rd8 23. Qd3 Rxd5 24. Qxd5 Qe6 25. Qe4 {1/2-1/2 Illescas
Cordoba,M-Dreev,A/Linares 1995}) 16... Rac8 17. e5 (17. h4 $6 c5 18. d5 Ne5)
17... Nf8 18. Qe2 (18. Ne4 c5 19. dxc5 (19. Nd6 Bxf3 20. gxf3 Rc7 21. f4 cxd4
22. Qe4 Rxd6 23. exd6 Qxd6 $17) 19... Bxe4 20. Qxe4 Rxd1 21. Rxd1 Rxc5 $15 {
><e5}) (18. h4 {>=} Rc7 19. Rd2 Rcd7 20. Red1 c5 (20... Kh8 21. Qe4) 21. d5
exd5 22. Nxd5 (22. Bxd5 $2 Bxd5 23. Nxd5 Qe6 24. Nf4 Rxd2 25. Rxd2 Rxd2 26.
Qxd2 Qf5 $15 {><e5}) 22... Bxd5 23. Rxd5 Rxd5 24. Bxd5 Ne6 $10) 18... Rc7 19.
Rd2 Rcd7 {/\c5} 20. Red1 g5 $1 $15 {/\Ng6} 21. h3 (21. Qe4 Ng6 22. h4 gxh4 23.
Qg4 Kh8 $1 (23... c5 24. d5 exd5 25. Bxd5 (25. Nxd5 Bxd5 26. Bxd5 Kh8 $17)
25... Kh8 26. Bxb7 Rxd2 27. Rxd2 Rxd2 28. Nxd2 Qxb7 29. f4 $44) 24. Bb1 c5 $17)
21... Ng6 22. Qe3 Nf4 (22... c5 $1 23. d5 exd5 24. Nxd5 (24. Bxd5 Bxd5 25. Nxd5
Qe6 $17) 24... Bxd5 25. Rxd5 (25. Bxd5 Bxe5 26. Bxf7+ Qxf7 27. Rxd7 Rxd7 28.
Rxd7 Qxd7 29. Nxe5 Qd1+ 30. Kh2 Qd6 $17) 25... Rxd5 26. Bxd5 Kf8 $17) 23. Bb1
c5 24. Be4 cxd4 (24... Bxe4 $2 25. Nxe4 cxd4 26. Nxd4 {/\Nc6}) 25. Rxd4 Rxd4 (
25... Bxe4 $5 26. Rxd7 (26. Qxe4 Ng6 $15) 26... Rxd7 27. Rxd7 Qxd7 28. Qxe4 Ng6
$15) 26. Rxd4 Rxd4 27. Qxd4 Bxe4 28. Qxe4 Ng6 (28... Qc7 29. h4 $132) 29. Nb5
$2 $138 (29. Qa8+ Kh7 30. Qb8 Qd7 31. g3 $15) 29... Qc5 30. Qa8+ Kh7 31. Nxa7
Qc1+ 32. Kh2 Qxb2 33. Qe4 Qxa3 34. Nc6 Qc5 $19 35. h4 gxh4 36. Kg1 Qc1+ 37. Kh2
Qf4+ 38. Qxf4 Nxf4 39. Kg1 h3 40. g3 Nd3 41. Kf1 Kg8 0-1

[Event "Linares 10th"]
[Site "Linares"]
[Date "1992.??.??"]
[Round "12"]
[White "Bareev, Evgeny"]
[Black "Anand, Viswanathan"]
[Result "1/2-1/2"]
[WhiteElo "2635"]
[BlackElo "2670"]
[Annotator "Dautov,R"]
[PlyCount "92"]
[EventDate "1992.02.??"]
[EventType "tourn"]
[EventRounds "13"]
[EventCountry "ESP"]
[EventCategory "17"]
[SourceTitle "CBM 028"]
[Source "ChessBase"]
[SourceDate "1992.06.01"]
[SourceVersion "1"]
[SourceVersionDate "1992.06.01"]
[SourceQuality "1"]

1. d4 d5 2. c4 c6 3. Nf3 Nf6 4. Nc3 e6 5. Bg5 h6 6. Bxf6 Qxf6 7. e3 Nd7 8. Bd3
dxc4 9. Bxc4 Bd6 10. O-O Qe7 11. Ne4 Bc7 12. Rc1 O-O 13. Bb3 (13. Qc2 Kh8 14.
a3 (14. Rfd1 $142 e5 15. d5 cxd5 16. Bxd5 Bb6 17. h3 f5 18. Nd6 Qxd6 19. Bxb7
Qb8 20. Bxc8 Rxc8 21. Qxc8+ Qxc8 22. Rxc8+ Rxc8 23. Rxd7 $14) 14... e5 15. Ng3
Nb6 16. Ba2 exd4 17. Nxd4 Bd7 18. Ndf5 Qf6 19. f4 g6 20. Nd4 Rae8 21. Rce1 Nc8
$10 {Cramling,P-Knaak,R,Hamburg SKA,1991}) 13... Rd8 14. Qe2 (14. Qc2 Nf8 15.
Rfd1 Bd7 16. Nc5 (16. Ne5 Be8 17. f4 f6 $132) 16... Rab8 17. a3 Be8 18. Qe4 Bd6
19. Ne5 Kh8 20. Ned3 $14 {20..b6!? 0,5:0,5 Schmidt,Wl-Kuczynski,R,POL-ch,1991})
14... a5 $6 (14... Nf8 15. Rfd1 Bd7 16. Ne5 Be8 17. f4 f6 18. Nd3 Kh8 19. Ndc5
Rab8 20. Qc4 Rd5 $13) (14... Nf8 15. Ne5 Bd7 16. f4 $14 Be8 17. f5 f6 18. Nf3
Bf7 $13) 15. a3 Nf6 16. Nxf6+ Qxf6 17. Rfd1 $14 Bd7 18. Rc5 Be8 19. Qc2 $1 {
/\Ba2-b1,><h7} Qe7 20. Ba2 Bd6 21. Rc3 Rac8 {/\b6,c5<=>} 22. h4 g6 (22... b6
23. Bb1 g6 (23... f5 24. e4 Bg6 25. exf5 Bxf5 26. Qe2 $16) 24. h5 c5 25. hxg6
fxg6 26. Ba2 $16) 23. e4 $1 (23. Bb1 $5 h5 24. Ba2 $14) 23... Qf8 (23... e5 24.
Rcd3 Bc7 25. h5 gxh5 26. dxe5 Rxd3 27. Rxd3 Bxe5 28. Nxe5 Qxe5 29. Qc1 Kh7 30.
f4 $16) (23... h5 24. e5 Bc7 25. Ng5 $16) 24. h5 gxh5 25. Nd2 $16 {/\e5,Ne4}
Be7 26. Rg3+ (26. Nc4 $142 b5 27. Nxa5 b4 28. Rg3+ Kh8 29. axb4 Bxb4 30. e5 $1
$18) 26... Bg5 27. Nc4 $1 (27. f4 $2 Qd6 $1 $17) (27. Nf3 Qg7 $13) 27... h4 28.
Rf3 (28. Rg4 $2 f5 29. exf5 exf5 30. Nd6+ Kh8 $13) 28... b5 $1 (28... Qg7 29.
e5 $16 {><d6}) 29. Nxa5 Qg7 30. Rfd3 {/\b4} (30. e5 $2 c5 $15) 30... c5 $5 31.
dxc5 Rxd3 32. Rxd3 Qe5 33. b4 Qxe4 34. Qd1 Kh8 35. Bb1 Qe5 36. Rd6 f6 37. Qd3
$2 (37. Ba2 $1 Bf7 38. Nc6 Qe4 39. Nd8 $18) 37... Bg6 $1 (37... Qe1+ 38. Qf1
Qe5 39. Ba2 Bf7 40. Nc6 $16) 38. Rd8+ $2 (38. Qf1 Bxb1 39. Qxb1 h3 40. Nc6 $18)
38... Rxd8 39. Qxd8+ Kg7 40. Qd7+ Bf7 41. Qxb5 $5 (41. Bd3 Qa1+ 42. Bf1 Qxa3
43. Qxb5 (43. Nc6 $36) 43... Bd2 44. Nc6 $16) 41... Qb2 42. Qd3 $2 (42. Bd3 $1)
42... Qc1+ 43. Kh2 Qf4+ 44. Kg1 Qc1+ 45. Kh2 (45. Qf1 Qxa3 46. Qe1 (46. Nc6 Be8
47. Nd4 Qxb4 48. Nxe6+ Kh8 49. Nxg5 hxg5 $10) 46... Qb2 47. c6 (47. Nc4 Qd4 48.
Qf1 e5 $10) 47... Bf4 $13 {/\Bc7}) 45... Qf4+ 46. Kg1 Qc1+ 1/2-1/2

[Event "EU-chT (Men) 11th"]
[Site "Pula"]
[Date "1997.05.??"]
[Round "3.3"]
[White "Dautov, Rustem"]
[Black "Fridman, Daniel"]
[Result "0-1"]
[WhiteElo "2590"]
[BlackElo "2490"]
[Annotator "Dautov,R"]
[PlyCount "124"]
[EventDate "1997.05.05"]
[EventType "team-swiss"]
[EventRounds "9"]
[EventCountry "CRO"]
[SourceTitle "CBM 057 Extra"]
[Source "ChessBase"]
[SourceDate "1997.05.01"]
[SourceVersion "1"]
[SourceVersionDate "1997.05.01"]
[SourceQuality "1"]
[WhiteTeam "Germany"]
[BlackTeam "Latvia"]
[WhiteTeamCountry "GER"]
[BlackTeamCountry "LAT"]

1. d4 {Lutz} d5 2. c4 c6 3. Nf3 Nf6 4. Nc3 e6 5. Bg5 h6 6. Bxf6 Qxf6 7. e3 Nd7
8. Bd3 dxc4 9. Bxc4 g6 10. O-O Bg7 11. Rc1 Qe7 12. e4 O-O (12... e5 {Lutz} 13.
d5 Nb6 14. dxc6 $1 bxc6 (14... Nxc4 15. Nd5) 15. Be2 $14) 13. e5 $1 {N, Ch.
Lutz Weiß hat ohne großen Tempoverlust e4-e5 durchsetzen können. Die Partie
demonstriert anschaulich die Möglichkeiten für beide Seiten : Weiß greift am
Königsflügel an, wird dann jedoch ausgekontert und zieht nicht rechtzeitig die
Notbremse.} (13. Re1 b6 $1 (13... Rd8 $6 14. e5 b6 (14... b5 15. Bd3 Bb7 16.
Ne4 $14) 15. Qe2 {-13.e5}) 14. e5 Bb7 15. Qe2 a6 $1 $11) 13... Rd8 (13... b6) (
13... b6 {Lutz} 14. Ne4 $5) 14. Qe2 (14. Ne4 $2 {Lutz} Nxe5) 14... b6 15. Rfe1
Rb8 (15... Bb7 16. Ba6 $14) (15... Bb7 $5 {Lutz}) 16. Bd3 $1 Qf8 (16... Bb7 17.
Be4 Nf8 (17... c5 18. Bxb7 Rxb7 19. Qe4 Rbb8 (19... Nf8 20. d5 exd5 21. Nxd5
Qd7 22. Red1 $16 {Ivanchuk}) 20. Nb5 cxd4 (20... a6 21. Na7 $16) 21. Nbxd4 Nc5
22. Qc2 Qb7 23. b4 $16 {Ivanchuk}) (17... Rdc8 $5 18. a3 Ba8 19. Qa6 $14 {
Ivanchuk}) 18. g3 Rbc8 (18... Rdc8 19. h4 c5 20. Bxb7 Rxb7 21. Nb5 Rbb8 22. Nd6
Rc7 23. dxc5 $14 {Ivanchuk}) 19. a3 Rc7 20. Red1 c5 21. Bxb7 Rxb7 22. Ne4 $14 {
Ivanchuk,V-Kramnik,V/Novgorod Inf. 67/504 1996}) 17. h4 $1 $40 (17. Rcd1 Bb7
18. Be4 $14) (17. Be4 {Lutz} c5 $5) 17... c5 (17... Bb7 18. h5 c5 19. d5 {
-17...c5}) 18. d5 (18. h5 $5 {Lutz} cxd4 19. Nb5 $13) 18... Bb7 (18... exd5 19.
e6 fxe6 20. Qxe6+ Qf7 21. Qd6 {/\Bg6,Re7} Bf8 (21... Bb7 22. Bxg6 Qf6 23. Re6
Qf8 24. Nxd5 (24. Qg3 $5) 24... Qxd6 25. Rxd6 Bxb2 26. Rd1 Kf8 27. Nxb6 axb6
28. Rxd7 Rxd7 29. Rxd7 Bxf3 30. Rf7+ Kg8 31. Rxf3 $16) 22. Qg3 (22. Qxd5 Bb7
$11) 22... Bb7 23. Bxg6 Qg7 24. h5 {/\Nh4-f5} Nf6 (24... d4 25. Nb5 $16 {
/\Nc7-e6}) 25. Nh4 Bd6 26. Qh3 Bc8 27. Nf5 $16 {->}) 19. h5 $1 (19. dxe6 $6 {
Lutz} Bxf3 20. Qxf3 Nxe5) 19... exd5 20. hxg6 Re8 (20... fxg6 21. e6 Re8 22.
Bxg6 Re7 23. Qc2 d4 (23... Nf6 24. Ne5 $18) 24. Bh7+ Kh8 25. Nh4 $18) 21. gxf7+
Qxf7 22. e6 Qf6 23. Bb5 $2 (23. Bc2 $1 {/\Qd3} Nf8 (23... d4 $2 24. Qc4 $1 Nf8
25. e7+ $18) (23... c4 24. Rcd1 $1 Nc5 25. Nxd5 Bxd5 26. Rxd5 Rxe6 27. Qxc4
Rxe1+ 28. Nxe1 $18) 24. e7 Ng6 25. Qd3 Nxe7 26. Qh7+ Kf8 27. Ne5 Rbd8 (27...
Red8 28. Re3) 28. Re3 d4 29. Ne4 Bxe4 30. Rxe4 Rd6 31. Rce1 $18 {->}) (23. Nxd5
$5 {Lutz} Bxd5 24. Bc4 Bxc4 (24... Qf5 25. Bxd5 Qxd5 26. Rcd1 Bd4 27. Nxd4 cxd4
28. Qg4+) 25. Qxc4 Nf8 26. e7+ Kh8 27. exf8=Q+ Rxf8 $11) 23... Nf8 24. Bxe8
Rxe8 $44 25. Qd3 (25. Qd2 d4 26. Ne4 Qd8 $1 $44) 25... d4 26. Ne4 (26. Nb5 $5 {
Lutz} Rxe6 $13) 26... Qf4 (26... Qg6 $5 27. Nh4 Qxe6 28. Nxc5 $4 Qxe1+ 29. Rxe1
Rxe1+ 30. Kh2 Be5+ (30... bxc5 $4 31. Qb3+ $18) 31. Kh3 Bc8+ $19) 27. Ned2 (27.
Ng3 Bxf3 28. gxf3 (28. Qxf3 Qxf3 29. gxf3 Rxe6 $13) 28... Rxe6 29. Rcd1 Rg6 (
29... Rxe1+ 30. Rxe1 $16) 30. Kg2 Qf7 $13) (27. b4 $5 {Lutz} Rxe6 28. Ned2 $13)
27... Nxe6 28. Qc4 $2 (28. Qg6 $1 Qf7 29. Qxf7+ Kxf7 30. Ne5+ (30. Nc4 Rd8 31.
Nfe5+ Kf6 32. g3 Bd5 33. a4 $14) 30... Ke7 (30... Kf6 31. f4 $1 Nxf4 $2 32.
Ng4+ Kf7 33. Rf1 $18) 31. f4 Bxe5 32. Rxe5 Rg8 33. Ne4 $16) 28... Qg4 $40 29.
Re2 $2 Kh7 $138 30. Qd3+ Kh8 31. Rce1 $2 $138 Bd5 {/\Rg8} (31... Re7 $1 $19 {
/\Nf4}) (31... Re7 $5 $17 {Lutz /\ ...Nf4}) 32. Re4 (32. g3 c4 33. Qb1 d3 34.
Re3 Qh3 $19) 32... Bxe4 33. Rxe4 Qh5 $17 34. Nc4 Nf8 35. g4 $2 Qg6 36. Ncd2 c4
$19 37. Nh4 Qg5 (37... Qxg4+ 38. Rxg4 cxd3 $19) 38. Qg3 Rxe4 39. Nxe4 Qe5 $2 (
39... Qc1+ 40. Kg2 Qxb2 41. Nf5 d3 $19) 40. Qf3 Kg8 41. Nf5 d3 42. a4 Ng6 $2 (
42... Qxb2 $4 43. Ne7+ Kh8 44. Qf7 $18) (42... a6 $1 $19 {/\b5}) 43. Nd2 $1 {
><c4} Qe1+ 44. Nf1 Ne7 (44... Qe6 45. Qb7 Bxb2 46. Nxh6+ Kf8 47. Qb8+ $132) 45.
Nxe7+ $2 (45. Nxg7 $1 Kxg7 46. Qf4 Ng6 (46... Qe6 47. Ne3 d2 $2 48. Qd4+) 47.
Qc7+ $1 (47. Qxc4 Ne5 48. Qc7+ Kg6 $15) 47... Kf6 48. Qd8+ Qe7 49. Qd4+ Kg5 50.
Qxc4 $11) 45... Qxe7 46. Qd5+ Qf7 47. Qxf7+ Kxf7 48. Nd2 Ke6 $19 49. Nxc4 Kd5
50. Ne3+ (50. b3 Kd4 $19) 50... Ke4 51. Kf1 Bxb2 52. Ke1 Bc1 53. Nf5 Bf4 54.
Ne7 a6 55. Nc6 b5 56. axb5 axb5 57. f3+ Kd5 58. Ne7+ Kc4 59. Ng6 Bd6 60. f4 b4
61. Kd2 b3 62. Kc1 Kc3 0-1